000 00788nam a22002057a 4500
003 0
005 20250923095251.0
008 250923b xxu||||| |||| 00| 0 eng d
020 _a978-1-394-19974-7
050 _aHF 5616.U5
_b.F56 2025
100 _aFlood, Joanne M.,
_eauthor.
245 _aWiley practitioner's guide to GAAP 2025 :
_binterpretation and application of generally accepted accounting principles /
_cJoanne M. Flood.
260 _aHoboken, New Jersey :
_bJohn Wiley & Sons, Inc.,
_c2025.
300 _axix, 1338 pages :
_billustrations ;
_c24 cm.
504 _aIncludes index.
650 _aAccounting
_xStandards
_zUnited States.
650 _aFinancial statements
_zUnited States.
650 _aGenerally accepted accounting principles
_zUnited States.
942 _2lcc
_cBK
999 _c368064
_d368064